Writing the Five-Hundred-Word Theme

Bibliographic Details
Main Authors: Martin, Lee J. (Author), Kroitor, Harry P. (Author)
Format: Book
Language:English
Published: Englewood Cliffs, N. J. : Prentice Hall 1980
Series:Starpath series
Subjects:

MARC

LEADER 00000cam a2200000 7i4500
001 0000002613
005 20240925.0
008 991130 nju a eng
020 |a 0139705090 (hbk) 
040 |a INS   |b eng   |e rda 
090 0 0 |a PE1408   |b .M38663 1980 
100 1 |a Martin, Lee J. ,   |e author 
245 1 0 |a Writing the Five-Hundred-Word Theme   |c Lee J. Martin, Harry P. Kroitor 
264 1 |a Englewood Cliffs, N. J. :   |b Prentice Hall   |c 1980 
264 4 |c ©1980 
300 |a xiv, 336 pages :   |b illustrations ;   |c 23 cm. 
336 |a text  |2 rdacontent 
337 |a unmediated  |2 rdamedia 
338 |a volume  |2 rdacarrier 
490 0 |a Starpath series 
500 |a Includes index 
650 0 |a English language   |x Composition and exercises 
650 0 |a Report writing 
700 1 |a Kroitor, Harry P. ,   |e author 
999 |a 0000000938   |b BOOK   |c Open Shelf   |e Default branch